Štúdium antimikróbneho účinku kyslomliečnych baktérií
Salvato in:
| Autore principale: | |
|---|---|
| Natura: | Libro |
| Lingua: | slovacco |
| Pubblicazione: |
Bratislava
STU FCHPT
2006
|
| Accesso online: | Visualizza in OPAC |
| Tags: |
Nessun Tag, puoi essere il primo ad aggiungerne!!
|
MARC
| LEADER | 00000nam a2200000 a 4500 | ||
|---|---|---|---|
| 005 | 20260127134032.0 | ||
| 008 | 060607 2006 xo 000 0 slo d | ||
| 035 | |a vtls008775459 | ||
| 039 | 9 | |a 200706250939 |b mschk03 |c 200606221206 |d mschk03 |y 200606221204 |z mschk03 | |
| 040 | |a STUSCHK1 |b slo |c STUSCHK1 |e AACR2 | ||
| 100 | 1 | |a Vydrová, jana | |
| 245 | 1 | |a Štúdium antimikróbneho účinku kyslomliečnych baktérií | |
| 260 | |a Bratislava |b STU FCHPT |c 2006 | ||
| 300 | |a 83 s. |b tab.,grafy,lit. bez CD-ROMu | ||
| 500 | |a Obháj.: 8.6. 2006 | ||
| 500 | |a Špec.: potravinárska technológia | ||
| 500 | |a Ústav biotechnológie a potravinárstva | ||
| 910 | |a SCHK95 | ||
| 999 | |c 2536 |d 2536 | ||